Labour and Industrial law (Record no. 3973)

MARC details
000 -LEADER
fixed length control field 00370nam a22001577a 4500
005 - DATE AND TIME OF LATEST TRANSACTION
control field 20180412105020.0
008 - FIXED-LENGTH DATA ELEMENTS--GENERAL INFORMATION
fixed length control field 160625b xxu||||| |||| 00| 0 eng d
041 ## - LANGUAGE CODE
Language code of text/sound track or separate title eng
082 ## - DEWEY DECIMAL CLASSIFICATION NUMBER
Item number 10039
Classification number 343.07
100 ## - MAIN ENTRY--AUTHOR NAME
Personal name Pillai, K.M.
245 ## - TITLE STATEMENT
Title Labour and Industrial law
260 ## - PUBLICATION, DISTRIBUTION, ETC. (IMPRINT)
Name of publisher Allahabad Law Agency
300 ## - PHYSICAL DESCRIPTION
Number of Pages 539
650 ## - SUBJECT ADDED ENTRY--TOPICAL TERM
Topical Term Management
942 ## - ADDED ENTRY ELEMENTS (KOHA)
Koha item type Books
Holdings
Lost status Damaged status Collection code Home library Current library Shelving location Date acquired Cost, normal purchase price Full call number Accession Number Koha item type
    LAW JRU Library JRU Library SHELF-29-D 25/06/2016 240.00 343.07 10039 Books